000
00301nam a22001217a 4500
008
230607b xxu||||| |||| 00| 0 eng d
082
_a
967.62
_b
KEN
245
_a
Kenya Tourism Guide
_b
2010-2011
250
_a
6th ed.
260
_a
Kenya
_b
Travel Discovery Kenya
_c
2011
300
_a
257 p
942
_2
ddc
_c
BK
999
_c
762
_d
762